7/ Calendrier de l'Avent - Traditions de Noël 1 - Vrai-Faux - Statistiques

Statistiques générales
  • Ce quiz a été pris 22 fois
  • Le résultat moyen est 9 sur 24
Statistiques - réponses
Question Réponse % Correct
En Espagne, c'est l'Enfant Jésus qui offre les cadeaux FAUX
100%
En allemand, la nuit de Noël est appellée Heilige Nacht VRAI
100%
Au Danemark autrefois le temps de Noël durait 12 jours du 24 décembre au 8 janvier VRAI
100%
En Bulgarie, les jeunes gens préparent un gateau spécial pour séduire les jeunes filles FAUX
75%
Le 24, avant la messe de minuit, les Estoniens se rendent à la piscine FAUX
50%
En Espagne, dans certaines régions, le jour de Noël les enfants dansent autour de la bûche pour obtenir des friandises VRAI
50%
En Allemagne, le temps de Noël commence le 1er dimanche de l'Avent avec l'ouverture des marchés de Noël VRAI
50%
En Estonie, dans la nuit du 24 au 25 décembre, on dépose des bougies sur les tombes VRAI
50%
Au Danemark, on rend visite à ses proches le 23 décembre pour boire du vin chaud VRAI
50%
En Belgique, les enfants reçoivent leurs premiers cadeaux le 6 décembre VRAI
50%
En Bulgarie, on met de la paille dans la salle à manger pour le repas de Noël VRAI
50%
Au Danemark, à partir de début décembre on met une lumière rouge chez soi. VRAI
50%
Le matin de Noël, les Bruxellois s'assemblent sur la Grand Place FAUX
25%
En Allemagne on confectionne une couronne de l'avent avec du sapin et 3 bougies FAUX
25%
En Allemagne et dans quelques départements français autrefois annexés par l'Allemagne le 26 décembre est férié VRAI
25%
En Autriche, les enfants ne participent pas à la décoration de la maison pour Noël VRAI
25%
En Croatie, on plante du blé le jour de la Ste Barbe FAUX
0%
En Croatie, sur la côte c'est St Nicolas qui apporte les cadeaux aux enfants FAUX
0%
En Estonie, chaque 25 décembre le président déclare officiellement la trêve de Noël FAUX
0%
En Autriche, la fête de Noël commence le 23 décembre au matin FAUX
0%
En Bulgarie, la personne la plus âgée du foyer se promène avec une bougie dans toute la maison le soir de Noël FAUX
0%
En Bulgarie, des chanteurs passent de maison en maison le jour de Noël pour recevoir des offrandes FAUX
0%
En Allemagne, le jour de la Sainte Barbe, on prépare des biscuits en forme d'animaux VRAI
0%
C'est l'Enfant Jésus qui apporte les cadeaux aux petits allemands... VRAI
0%
Aucun quiz correspondant
Distribution des résultats
% des personnes avec chaque résultat
Percentile par nombre de réponses
Votre historique - résultats
Vous n’avez pas pris ce quiz